Welcome to CU Library Online Public Access Catalogue (OPAC)

Lotus Illustrated Dictionary of Marketing & Sales / (Record no. 594)

MARC details
000 -LEADER
fixed length control field 00505nam a22001817a 4500
005 - DATE AND TIME OF LATEST TRANSACTION
control field 20241104163624.0
008 - FIXED-LENGTH DATA ELEMENTS--GENERAL INFORMATION
fixed length control field 241104b |||||||| |||| 00| 0 eng d
020 ## - INTERNATIONAL STANDARD BOOK NUMBER
International Standard Book Number 9788189093457
050 ## - LIBRARY OF CONGRESS CALL NUMBER
Classification number HF5412
100 ## - MAIN ENTRY--PERSONAL NAME
Personal name Mike, Stella
245 ## - TITLE STATEMENT
Title Lotus Illustrated Dictionary of Marketing & Sales /
Statement of responsibility, etc. Mike, Stella
250 ## - EDITION STATEMENT
Edition statement 1st Ed.
260 ## - PUBLICATION, DISTRIBUTION, ETC.
Place of publication, distribution, etc. New Delhi
-- India
Name of publisher, distributor, etc. Lotus Press
Date of publication, distribution, etc. c2004
300 ## - PHYSICAL DESCRIPTION
Extent 222 pages
Other physical details Illustrations
Dimensions 21cm
650 ## - SUBJECT ADDED ENTRY--TOPICAL TERM
Source of heading or term Marketing
650 ## - SUBJECT ADDED ENTRY--TOPICAL TERM
Source of heading or term Sales
942 ## - ADDED ENTRY ELEMENTS (KOHA)
Source of classification or shelving scheme Library of Congress Classification
Koha item type Books
Edition 1st Ed.
Suppress in OPAC No
999 ## -
-- 594
-- 594
Holdings
Withdrawn status Lost status Source of classification or shelving scheme Damaged status Not for loan Collection Home library Current library Shelving location Date acquired Total checkouts Full call number Barcode Date last seen Copy number Price effective from Koha item type
    Library of Congress Classification     Non-fiction Business Library (Miotso) Business Library (Miotso) Reference 11/04/2024   HF5412 MIK BSSM00000115 11/04/2024 1 11/04/2024 Books
© 2023-2024 Copyright: Central University Libraries. All Rights Reserved | Created by: Mahone Tech Office